| 000 | 00000nam##2200000za#4500 |
| 001 | 9.569557 |
| 003 | CaOODSP |
| 005 | 20210624181826 |
| 007 | cr ||||||||||| |
| 008 | 150406|1986||||xxc|||||o f|0| 0 eng|d |
| 040 | |aCaOODSP|beng |
| 043 | |an-cn--- |
| 086 | 1 |aNH18-1/25-1986E-PDF |
| 110 | 2 |aCanada Mortgage and Housing Corporation. |
| 245 | 12|aA straw bales/mortar house demonstration project / |h[electronic resource]|cby Louis Gagné. |
| 260 | |aOttawa - Ontario : |bCanada Mortgage and Housing Corporation |c1986. |
| 300 | |a50p.|bfigs., tables, photographs |
| 490 | 1 |aResearch report |
| 590 | |a11-23-Supp|b2011-10-17 |
| 720 | 1 |aGagné, Louis |
| 775 | 08|tMaisons de ballots de paille et de mortier : |w(CaOODSP)9.600647 |
| 830 | #0|aResearch report (Canada Mortgage and Housing Corporation : Online)|w(CaOODSP)9.506068 |
| 856 | 40|ahttp://publications.gc.ca|qPDF|s1.17 MB|uhttps://publications.gc.ca/collections/collection_2011/schl-cmhc/nh18-1/NH18-1-25-1986-eng.pdf |